000 00748nam a2200265Ia 4500
003 OSt
005 20221007110424.0
006 a|||||r|||| 00| 0
007 ta
008 221006b |||||||| |||| 00| 0 eng d
020 _a0803914490
024 _a21,105
037 _cTextual
040 _aLCO
_cLCO
_beng
041 _2eng
_aeng
082 _aY773:45151, M0
100 _aSanders William B.
_9318109
245 0 _aRape and Woman's Identity Foreword by Gilbert Geis
260 _aLondon
_bSage Publications U.K.
_c1980
300 _a183
500 _aSage Library of Social Research Volume- 106
650 _aRAPE
_932885
942 _hY773:45151, M0
_cTEXL
999 _c1190668
_d1190668